Non-Military Presidents - Statistics

General Stats
  • This quiz has been taken 16 times
  • The average score is 12 of 15
Answer Stats
President % Correct
Barack Obama
100%
Donald Trump
100%
Bill Clinton
94%
Joe Biden
94%
Herbert Hoover
88%
Grover Cleveland
81%
Calvin Coolidge
75%
Franklin D. Roosevelt
75%
James K. Polk
75%
John Adams
75%
John Quincy Adams
75%
Woodrow Wilson
75%
Martin Van Buren
69%
Millard Fillmore
63%
Warren G. Harding
56%
No matching quizzes found
Score Distribution
Percent of People with Each Score
Percentile by Number Answered
Your Score History
You have not taken this quiz